000 00275pam a2200121 a 4500
020 _c
041 _h
100 _aAjit Banerjee,
_eauthor.
245 _aFootprints in the Forest
_hTextual Documents
260 _a[s.l]:
_bNatraj Publishers
300 _a326.
930 _a2622
999 _c248473
_d248473